[Event "Remote email"]
[Site "Remote email"]
[Date "2014.02.22"]
[Round "?"]
[White "Lindberg, Sabine"]
[Black "Fischer, Juergen"]
[Result "1-0"]
[WhiteElo "1934"]
[BlackElo "1713"]
[PlyCount "97"]
[EventDate "2014.??.??"]
[EventType "tourn (corr)"]
[EventRounds "6"]
[EventCountry "GER"]
[SourceTitle "Corr 2015"]
[Source "ChessBase"]
[SourceDate "2015.07.17"]
[SourceVersion "1"]
[SourceVersionDate "2015.07.17"]
[SourceQuality "1"]

1. e4 c5 2. d4 cxd4 3. Qxd4 Nc6 4. Qd3 e5 5. Nf3 d6 6. a3 Nf6 7. h3 h6 8. Nc3 a6 9. Be3 Be7 10. 0-0-0 0-0 11. g4 Nh7 12. Nd5 Ng5 13. Nxe7+ Qxe7 14. Nxg5 hxg5 15. Qxd6 Rd8 16. Qxe7 Rxd1+ 17. Kxd1 Nxe7 18. Bxg5 f6 19. Bc4+ Kf8 20. Be3 Nc6 21. g5 b5 22. Bc5+ Ne7 23. Bd5 Rb8 24. gxf6 gxf6 25. Bxe7+ Kxe7 26. b4 Bb7 27. Bxb7 Rxb7 28. Rg1 Rd7+ 29. Kc1 Ke6 30. Rg8 Rh7 31. Ra8 Rh4 32. Rxa6+ Kf7 33. Kb2 Rxe4 34. Rb6 Re2 35. f3 Rh2 36. Rxb5 Rxh3 37. a4 Rxf3 38. a5 Rh3 39. a6 Rh8 40. Rb7+ Ke6 41. b5 e4 42. a7 Ra8 43. b6 e3 44. Rb8 Kf5 45. Rxa8 Kf4 46. b7 e2 47. b8Q+ Kf3 48. Qd6 e1Q 49. Qxf6+ 1-0

[Event "Remote email"]
[Site "Remote email"]
[Date "2013.10.12"]
[Round "?"]
[White "Lindberg, Sabine"]
[Black "Paulussen, Patricia"]
[Result "1-0"]
[WhiteElo "1841"]
[BlackElo "1624"]
[PlyCount "73"]
[EventDate "2013.??.??"]
[EventType "tourn (corr)"]
[EventRounds "6"]
[EventCountry "GER"]
[SourceTitle "Corr 2015"]
[Source "ChessBase"]
[SourceDate "2015.07.17"]
[SourceVersion "1"]
[SourceVersionDate "2015.07.17"]
[SourceQuality "1"]

1. e4 e5 2. d4 Nc6 3. Nf3 Bc5 4. dxc5 d6 5. c3 Bg4 6. Be2 Nf6 7. Bg5 h6 8. Bxf6 Qxf6 9. Bc4 dxc5 10. 0-0 0-0 11. h3 Rfd8 12. Bd5 Bh5 13. Qe2 Bxf3 14. gxf3 Rd6 15. Nd2 Re8 16. Bxc6 Rxc6 17. Nc4 Qf4 18. b4 Qg5+ 19. Kh2 Rg6 20. Rg1 Qf4+ 21. Rg3 Ree6 22. Rd1 Rxg3 23. fxg3 Qf6 24. Na5 Rb6 25. Rd7 Rc6 26. Nxc6 bxc6 27. f4 exf4 28. Rd3 c4 29. Rd4 Qe7 30. gxf4 c5 31. b5 cxd4 32. cxd4 c3 33. e5 Qb4 34. f5 Qxb5 35. Qxb5 c2 36. Qc5 c1Q 37. Qxc1 1-0

[Event "Remote email"]
[Site "Remote email"]
[Date "2013.08.25"]
[Round "?"]
[White "Lindberg, Sabine"]
[Black "Schmitz, Hermann Josef"]
[Result "0-1"]
[WhiteElo "1642"]
[BlackElo "2000"]
[PlyCount "74"]
[EventDate "2013.??.??"]
[EventType "tourn (corr)"]
[EventRounds "6"]
[EventCountry "GER"]
[SourceTitle "Corr 2015"]
[Source "ChessBase"]
[SourceDate "2015.07.17"]
[SourceVersion "1"]
[SourceVersionDate "2015.07.17"]
[SourceQuality "1"]

1. e4 e5 2. Nf3 Nc6 3. Bb5 a6 4. Bxc6 dxc6 5. Nxe5 Qd4 6. Nd3 Qxe4+ 7. Kf1 Be6 8. Qe1 Qc4 9. Nc3 0-0-0 10. b3 Qh4 11. Qe4 Be7 12. Qxh4 Bxh4 13. g3 Bf6 14. h3 Ne7 15. Ba3 Nd5 16. Kg2 Nxc3 17. dxc3 Bxc3 18. Rad1 Bd5+ 19. f3 Rhe8 20. Nf4 b5 21. Rd3 b4 22. Bc1 h6 23. Bd2 Bxd2 24. Rxd2 Bxf3+ 25. Kxf3 Rxd2 26. Kg4 Rxc2 27. a4 Rc3 28. Rd1 Rxb3 29. Nd3 Re3 30. Kf4 Rbxd3 31. Rf1 Rxg3 32. Re1 Rdf3+ 33. Ke4 Rxh3 34. Rd1 Rc3 35. Kd4 Rh4+ 36. Ke5 Rc5+ 37. Rd5 Rxd5# 0-1

[Event "Remote email"]
[Site "Remote email"]
[Date "2013.01.27"]
[Round "?"]
[White "Paulussen, Patricia"]
[Black "Lindberg, Sabine"]
[Result "1/2-1/2"]
[WhiteElo "1586"]
[BlackElo "1624"]
[PlyCount "109"]
[EventDate "2013.??.??"]
[EventType "tourn (corr)"]
[EventRounds "6"]
[EventCountry "GER"]
[SourceTitle "Corr 2015"]
[Source "ChessBase"]
[SourceDate "2015.07.17"]
[SourceVersion "1"]
[SourceVersionDate "2015.07.17"]
[SourceQuality "1"]

1. d4 d5 2. Nc3 Nf6 3. f3 c6 4. e3 e6 5. a3 a6 6. e4 h6 7. Bf4 Nbd7 8. Qd2 e5 9. dxe5 Nh5 10. g4 Nxf4 11. Qxf4 Qh4+ 12. Kd1 Bc5 13. Nge2 0-0 14. Qg3 Qe7 15. b4 Qxe5 16. f4 Bd4 17. fxe5 Re8 18. Nxd4 Nxe5 19. Be2 Nc4 20. Bxc4 dxc4 21. Rf1 Be6 22. Qf3 Rad8 23. Kd2 Rxd4+ 24. Ke2 Red8 25. Ke3 Rd2 26. Rfd1 Kf8 27. Rxd2 Rc8 28. Rad1 Ke8 29. e5 b5 30. a4 c5 31. bxc5 b4 32. Ne4 c3 33. h3 cxd2 34. Rxd2 Kf8 35. Qe2 Ra8 36. c6 Rc8 37. c4 Rxc6 38. Rd8+ Ke7 39. Qd2 b3 40. Rd6 Rxc4 41. Qa5 f5 42. Qxa6 Rc7 43. Nc5 Rxc5 44. Rxe6+ Kf7 45. Qa8 b2 46. Re7+ Kxe7 47. Qb8 Rxe5+ 48. Kf4 Re1 49. Qb7+ Kf6 50. Qxb2+ Kg6 51. gxf5+ Kh5 52. a5 Kh4 53. a6 g5+ 54. Kf3 Rf1+ 55. Ke2 1/2-1/2

[Event "Remote S7E Easy-161 email"]
[Site "Remote email"]
[Date "2013.01.20"]
[Round "?"]
[White "Lindberg, Sabine"]
[Black "Klein, Werner"]
[Result "0-1"]
[WhiteElo "1645"]
[BlackElo "1769"]
[PlyCount "78"]
[EventDate "2013.??.??"]
[EventType "tourn (corr)"]
[EventRounds "6"]
[EventCountry "GER"]
[SourceTitle "Corr 2015"]
[Source "ChessBase"]
[SourceDate "2015.07.17"]
[SourceVersion "1"]
[SourceVersionDate "2015.07.17"]
[SourceQuality "1"]

1. e4 e5 2. Nf3 Nc6 3. c3 Nf6 4. d4 exd4 5. Nxd4 Nxd4 6. Qxd4 d5 7. exd5 Nxd5 8. c4 Qe7+ 9. Be2 Nb6 10. c5 Qxc5 11. Qxc5 Bxc5 12. b3 0-0 13. h4 Be6 14. 0-0 Rad8 15. Be3 Bxe3 16. fxe3 Rd6 17. Nc3 a6 18. Ne4 Rd5 19. Nc3 Re5 20. e4 f5 21. Rf4 g6 22. g3 h6 23. exf5 Rexf5 24. Bc4 Bxc4 25. bxc4 Rxf4 26. gxf4 Rxf4 27. Re1 Rxc4 28. Ne4 Rc2 29. Nf6+ Kf7 30. Ne8 Rxa2 31. Nxc7 Ra4 32. h5 gxh5 33. Re8 Rc4 34. Rc8 Nxc8 35. Nd5 a5 36. Ne3 b5 37. Nf5 a4 38. Ne3 a3 39. Nxc4 bxc4 0-1